| 000 | 01288nam0a22002891 4500 | ||
|---|---|---|---|
| 001 | rc\3558833 | ||
| 005 | 20130115140030.3 | ||
| 021 |
_aRU _b[76-43921] |
||
| 035 | _a(NLR Aleph) 007796312 | ||
| 090 |
_a7668630 _c7668630 |
||
| 100 | _a20130115d1976 |||y0rusy50 ca | ||
| 101 | 0 | _arus | |
| 102 | _aRU | ||
| 105 | _ay z ||||| | ||
| 200 | 1 |
_aБоевые традиции - в основу военно-патриотического воспитания школьников _fЮ. Колосов, И. Козлов _gПед. о-во РСФСР, Брян. обл. отд-ние, Секция краеведения |
|
| 210 |
_aБрянск _cПриок. кн. изд-во. Брян. отд-ние _d1976 |
||
| 215 |
_a124 с. _d21 |
||
| 320 | _aСписок лит.: с. 122-123 | ||
| 606 |
_aВоенно-патриотическое воспитание в школе _2psbo |
||
| 606 |
_aТрадиции революционные, боевые и трудовые _xВоспитательное значение _2psbo |
||
| 700 | 1 |
_aКолосов _bЮ. Б. _f1918- _gЮрий Борисович |
|
| 701 | 1 |
_aКозлов _bИ. К. _gИван Куприянович |
|
| 801 | 0 |
_aRU _bNLR _gpsbo |
|
| 801 | 1 |
_aRU _bELAR _2rusmarc |
|
| 852 |
_aNLR _j76-3/7397 |
||
| 942 | _cBOOK | ||
| 980 | _aNB | ||